000 03083nam a22003017a 4500
003 GR-AtMCL
005 20250826143253.0
006 a|||||r|||||||||||
008 s2003||||gr a|||e b||| 001 gre d
020 _a9789608050778
040 _aGR-AtMCL
_bgre
_dGR-AtMCL
_eAACR2
041 1 _heng
100 _aMcCabe, Warren L.
_910019
245 1 0 _aΒασικές φυσικές διεργασίες μηχανικής /
_cWarren L. McCabe, Julian C. Smith [και] Peter Harriott ; επιμέλεια - μετάφραση Σοφία Πολυματίδου
250 _a6η έκδ,
260 _aΘεσσαλονίκη :
_bΤζιόλα,
_cc2015
300 _a1248 :
_bεικ. ;
_c25εκ.
500 _aΕυρετήρια: σ. 1241-1248
500 _aΤίτλος πρωτοτύπου: Unit operations of chemical engineering
520 _aΗ 6η έκδοση του βιβλίου "Βασικές διεργασίες χημικής μηχανικής" έχει αναθεωρηθεί λεπτομερώς, έχει ενημερωθεί με αρκετό νέο υλικό, ενώ πολλές παράγραφοι έχουν συμπτυχθεί. Κάθε βασική διεργασία περιγράφεται σε ξεχωριστό κεφάλαιο. Τα κεφάλαια χωρίζονται σε τέσσερα μέρη: α) μηχανική ρευστών, β) μεταφορά θερμότητας, γ) μεταφορά μάζας και καταστάσεις ισορροπίας και δ) διεργασίες που περιλαμβάνουν μικρομερή στερεά. Στο κείμενο έχουν προστεθεί οι τρόποι εξαγωγής των διαφορικών εξισώσεων της συνέχειας και των ισοζυγίων ορμής, που οδηγούν στην εξίσωση Navier-Stokes, καθώς και οι διαφορικές μορφές του νόμου του Fourier και του νόμου του Fick. Επίσης έχουν συμπεριληφθεί πληροφορίες σχετικές με τα ιξωδοελαστικά ρευστά, τη στρωτή ροή σε δακτυλιοειδείς χώρους, τους συντελεστές οπισθέλκουσας, τους νόμους συσχέτισης για τις αντλίες, του αναδευτήρες υψηλής απόδοσης και τους ακίνητους αναμικτήρες, τους εναλλάκτες θερμότητας τύπου δίσκου, το βρασμό με συστοιχίες βυθισμένων αυλών, τους πύργους ψύξης, την εκχύλιση στην υδατική φάση, τη διήθηση με εγκάρσια ροή και πολλά άλλα θέματα.
650 0 0 _aΧημικές διεργασίες
_910020
653 _aΜηχανικών
700 _aSmith, Julian C.
_910021
700 _aHarriott, Peter
_910022
700 _aΠολυματίδου, Σοφία Κ.
_4730
_910023
942 _cBK
999 _c9895
_d9895